AC Milan Squad 2006-2007 - Statistics

General Stats
  • This quiz has been taken 94 times
  • The average score is 14 of 30
Answer Stats
# Position Nation Player % Correct
1 GK Brazil Dida
94%
3 DF Italy Paolo Maldini
93%
2 DF Brazil Cafú
91%
13 DF Italy Alessandro Nesta
88%
22 MF Brazil Kaká
87%
10 MF Netherlands Clarence Seedorf
85%
9 FW Italy Filippo Inzaghi
81%
21 MF Italy Andrea Pirlo
72%
8 MF Italy Gennaro Gattuso
72%
- Coach Italy Carlo Ancelotti
65%
99 FW Brazil Ronaldo
56%
4 DF Georgia Kakhaber Kaladze
54%
18 DF Czech Republic Marek Jankulovski
53%
23 MF Italy Massimo Ambrosini
53%
44 DF Italy Massimo Oddo
47%
11 FW Italy Alberto Gilardino
44%
5 DF Italy Alessandro Costacurta
44%
17 DF Croatia Dario Šimić
34%
27 DF Brazil Serginho
34%
16 GK Australia Željko Kalac
26%
32 MF Italy Cristian Brocchi
24%
7 FW Brazil Ricardo Oliveira
22%
15 FW Italy Marco Borriello
21%
20 MF France Yoann Gourcuff
21%
25 DF Italy Daniele Bonera
18%
29 GK Italy Valerio Fiori
18%
19 DF Italy Giuseppe Favalli
16%
26 GK Italy Marco Storari
16%
31 DF Italy Luca Antonelli
9%
24 DF Argentina Leandro Grimi
7%
No matching quizzes found
Score Distribution
Percent of People with Each Score
Percentile by Number Answered
Your Score History
You have not taken this quiz